00866cam a22002411 4500001001300000003000400013005001700017008004100034010001700075035002000092040002100112042001200133050001600145245015400161260003600315300006100351501008800412650004400500740001700544740002600561700002000587999001700607he 68000946 DLC20260227111456.0940517s1967 is abch 000 0 hebr  ahe 68000946  a(OCoLC)30450809 aDLCcCUdCUdDLC apremarc00aDS127b.S5300aMilḥemet sheshet ha-yamim =bThe six-day war = La guerre des six jours. 26. be-Iyar-2. be-Siṿan 727, 5.-10. 6. 1967.c[ha-ʻOrekh: Naftali Arbel. aTel-Aviv]bM. Mizraḥic[1967] a320 p.b(chiefly illus., facsims., maps, ports.)c31 cm. aIn case, as issued, with Milḥamah ṿe-nitsaḥon. [Tel-Aviv] M. Mizraḥi [1967] 0aIsrael-Arab War, 1967vPictorial works.0 aSix-day war.0 aGuerre des six jours.1 aArbel, Naftali. c33158d33158